New Zealand All Blacks Rugby - Midweek Captains since 2000 - Statistics

General Stats
  • This quiz has been taken 61 times
    37 since last reset
  • The average score is 3 of 6
Answer Stats
Year Opponent Captain % Correct
2017 French XV Luke Whitelock
74%
2009 Barbarians Richie McCaw
74%
2017 Barbarians Beauden Barrett
65%
2008 Munster Piri Weepu
48%
2001 Ireland A Tom Willis
45%
2004 Barbarians Aaron Mauger
26%
No matching quizzes found
Score Distribution
Percent of People with Each Score
Percentile by Number Answered
Your Score History
You have not taken this quiz since the last reset